000 00764nam a22002177a 4500
999 _c1971
_d1971
003 AR-CdUCM
008 190228b ||||| |||| 00| 0 spa d
040 _aMUNICIPALIDAD PROVINCIAL DEL CUSCO
_cBIBLIOTECA MUNICIPAL DEL CUSCO
082 _a918.5 /
_bSI58
100 _aSivirichi, Atilio
_97194
245 _aBreve historia de nuestro mar /
260 _aLima :
_bTalls. de Jorge Rey Torrao,
_c1968.
300 _a239 páginas ;
_c17 cm.
505 _aContiene : Estudio histórico del Oceano Pacífico y la costa del Perú.
650 _aDominio marítimo (Derecho internacional)
_97195
650 _aMar Perú
_97196
650 _aPacífico del Sur, Océano
_97197
700 _aValencia, Raúl (ilustraciones)
_97198
942 _2ddc
_cLIBROS
945 _azta